Focus (Record no. 82800)
[ view plain ]
| 000 -LEADER | |
|---|---|
| fixed length control field | 00991cad a22002415a 4500 |
| 001 - CONTROL NUMBER | |
| control field | L151454 |
| 008 - FIXED-LENGTH DATA ELEMENTS--GENERAL INFORMATION | |
| fixed length control field | 101108e20101030xxk 000 0 eng d |
| 035 ## - SYSTEM CONTROL NUMBER | |
| System control number | (Sirsi) u151454 |
| 041 0# - LANGUAGE CODE | |
| Language code of text/sound track or separate title | eng |
| 100 1# - MAIN ENTRY--PERSONAL NAME | |
| Personal name | Hawkes, Alex |
| 245 00 - TITLE STATEMENT | |
| Title | Focus |
| Remainder of title | Yorkshire |
| 260 ## - PUBLICATION, DISTRIBUTION, ETC. | |
| Date of publication, distribution, etc. | 2010 |
| 490 ## - SERIES STATEMENT | |
| Series statement | Estates Gazette |
| Volume/sequential designation | (1043) 30 October 2010, 67-88(17) |
| 520 ## - SUMMARY, ETC. | |
| Summary, etc. | Office and retail markets in Leeds, Manchester, Sheffield, Bradford and Wakefield focusing on problems such as oversupply and poor take up rates. Regeneration including the dissolution of Yorkshire Forward in 2012 and bids for local enterprise partnerships (LEPS) and an overview of development schemes. Concludes with market analysis of availability, take up rates and rents. |
| 590 ## - LOCAL NOTE (RLIN) | |
| Local note | KA |
| 651 #4 - SUBJECT ADDED ENTRY--GEOGRAPHIC NAME | |
| Geographic name | Yorkshire |
| Chronological subdivision | 1888- |
| 690 ## - LOCAL SUBJECT ADDED ENTRY--TOPICAL TERM (OCLC, RLIN) | |
| Topical term or geographic name as entry element | PROPERTY-COMMERCIAL PROPERTY-COMMERCIAL PROPERTY MARKET |
| 700 1# - ADDED ENTRY--PERSONAL NAME | |
| Personal name | Morrison, Adrian |
| 700 1# - ADDED ENTRY--PERSONAL NAME | |
| Personal name | Day, Karen |
| 700 1# - ADDED ENTRY--PERSONAL NAME | |
| Personal name | Simmons, Mark |
| 700 1# - ADDED ENTRY--PERSONAL NAME | |
| Personal name | Meadwell, Stacey |
| 942 ## - ADDED ENTRY ELEMENTS (KOHA) | |
| Suppress in OPAC | 0 |
| Withdrawn status | Lost status | Source of classification or shelving scheme | Damaged status | Not for loan | Home library | Current library | Shelving location | Date acquired | Total Checkouts | Full call number | Barcode | Date last seen | Copy number | Price effective from | Koha item type |
|---|---|---|---|---|---|---|---|---|---|---|---|---|---|---|---|
| Dewey Decimal Classification | London | London | Journal article | 08/11/2010 | L151454 | 151454-1001 | 06/08/2019 | 1 | 06/08/2019 | Journal article |